000 01504nam0a2200373 4500
001 RU\NLR\BIBL_A\016267025
005 20230309141748.0
010 _a978-5-9949-3139-4
_92000
021 _aRU
_bКН-П-22-089113
_9КН-П-22-7918
035 _a(NLR Aleph) 016267025
035 _a(RuMoRGB)011477171
090 _a12873501
_c12873501
100 _a20230123d2022 c y0rusy50 ca
101 0 _arus
102 _aRU
105 _aa z 000zy
181 0 _ai
_baxxe
182 0 _an
200 1 _aЧто такое цирк?
_eрассказы, сказки, игры, сценарии для детей 5-7 лет
_fЕ. А. Алябьева
203 _aТекст
_bвизуальный
_cнепосредственный
210 _aМосква
_cТворческий Центр Сфера
_d2022
215 _a106 с.
_cил.
_d21
225 1 _aБиблиотека воспитателя
_v12
320 _aБиблиогр.: с. 103-104 (39 назв.)
606 1 _aЦирк
_xИзучение в дошкольных учреждениях
_2nlr_sh2
_3RU\NLR\AUTH\6601719710
610 0 _aпраздники в детском саду
610 0 _aигры для дошкольников
610 0 _aцирковое искусство
686 1 _aЧ411.355.25
700 1 _aАлябьева
_bЕ. А.
_gЕлена Алексеевна
942 _cBOOK
980 _aNB